[Event "Madrid-chT 1819"]
[Site "Madrid"]
[Date "2019.02.09"]
[Round "9.4"]
[White "Bustos Bernardo, Samuel"]
[Black "Aguilera Lopez, Alejandro"]
[Result "1-0"]
[WhiteElo "2148"]
[BlackElo "2203"]
[PlyCount "75"]
[EventDate "2018.11.17"]
[EventType "team-tourn"]
[EventRounds "14"]
[EventCountry "ESP"]
[SourceTitle "CBM 189 Extra"]
[Source "ChessBase"]
[SourceDate "2019.06.03"]
[SourceVersion "1"]
[SourceVersionDate "2019.06.03"]
[SourceQuality "1"]
[WhiteTeam "San Fernando de Henares"]
[BlackTeam "Virgen de Atocha"]
[WhiteTeamCountry "ESP"]
[BlackTeamCountry "ESP"]

1. Nf3 e6 2. c4 f5 3. g3 Nf6 4. Bg2 Be7 5. 0-0 0-0 6. d4 d5 7. Nc3 c6 8. Qc2 Qe8 9. Rb1 Qh5 10. b4 Nbd7 11. b5 c5 12. cxd5 exd5 13. dxc5 Bxc5 14. Qb3 Nb6 15. Ne5 Be6 16. Nd3 Bd6 17. Bf4 Rfd8 18. Rfd1 g5 19. Bxd6 Rxd6 20. Nc5 Bf7 21. Rd4 Ne4 22. Nxb7 Rd7 23. Na5 Nxc3 24. Qxc3 Qxe2 25. a4 Re8 26. Rbd1 Nxa4 27. Qc1 Nb6 28. Qxg5+ Bg6 29. Bf1 Qe7 30. Qd2 Bh5 31. Nc6 Qf6 32. Ra1 Bf3 33. Rxa7 Rxa7 34. Nxa7 Ra8 35. Nc6 Ra1 36. Qc3 Rd1 37. Qxf3 Rxd4 38. Qc3 1-0